Welcome to the Holygrace Academy Library

Please use search bar below to get started

THE QUEEN MOTHER (Record no. 6344)

MARC details
000 -LEADER
fixed length control field 00273nam a22001337a 4500
020 ## - INTERNATIONAL STANDARD BOOK NUMBER
ISBN 0-7214-0713-7
082 ## - DEWEY DECIMAL CLASSIFICATION NUMBER
Classification number 920
Item number MOR/Q
100 ## - MAIN ENTRY--AUTHOR NAME
Personal name MORRISON,IAN A
245 ## - TITLE STATEMENT
Title THE QUEEN MOTHER
260 ## - PUBLICATION, DISTRIBUTION, ETC. (IMPRINT)
Place of publication UK
Name of publisher LADY BIRD
300 ## - PHYSICAL DESCRIPTION
Number of Pages 51
650 ## - SUBJECT ADDED ENTRY--TOPICAL TERM
Topical Term BIOGRAPHY
Geographic subdivision UK
942 ## - ADDED ENTRY ELEMENTS (KOHA)
Koha item type Books
Holdings
Withdrawn status Lost status Collection code Home library Current library Shelving location Date acquired Source of acquisition Full call number Accession Number Koha item type
    Reference Main Library Main Library SHELF-17-L-BIOGRAPHIES & AUTOBIOGRAPHIES 27/03/2014 PURCHASE 920 MOR/Q 08306 Books